| 000 | 01370cam a2200349 a 4500 | ||
|---|---|---|---|
| 999 |
_c478417 _d478417 |
||
| 001 | 15216420 | ||
| 003 | NUST | ||
| 005 | 20180529034807.0 | ||
| 008 | 080312s2008 caua 001 0 eng | ||
| 010 | _a 2008924835 | ||
| 020 | _a9780495108368 | ||
| 020 | _a0495108367 | ||
| 038 | _aSNS Library | ||
| 040 |
_aDLC _cDLC _dDLC |
||
| 050 | 0 | 0 |
_aQA371 _b.Z55 2008 |
| 082 | 0 | 0 |
_a515.35 _222 |
| 100 | 1 |
_aZill, Dennis G., _d1940- _94603 |
|
| 245 | 1 | 0 |
_aDifferential equations with boundary-value problems _cDennis G. Zill. |
| 250 |
_a7th ed. _bMichael R. Cullen. |
||
| 260 |
_aBelmont, CA : _bBrooks/Cole, Cengage Learning, _cc2009. |
||
| 300 |
_axv, 526, 23, 30, 9 p. : _bcol. ill. ; _c29 cm. |
||
| 500 | _aIncludes index. | ||
| 650 | 0 |
_aDifferential equations _vTextbooks. _94604 |
|
| 650 | 0 |
_aBoundary value problems _vTextbooks. _910573 |
|
| 700 | 1 |
_aCullen, Michael R. _910574 |
|
| 856 | 4 | 1 |
_3Table of contents only _uhttp://www.loc.gov/catdir/toc/fy0805/2008924835.html |
| 856 | 4 | 2 |
_3Publisher description _uhttp://www.loc.gov/catdir/enhancements/fy1212/2008924835-d.html |
| 856 | 4 | 2 |
_3Contributor biographical information _uhttp://www.loc.gov/catdir/enhancements/fy1302/2008924835-b.html |
| 906 |
_a7 _bcbc _corignew _d2 _eepcn _f20 _gy-gencatlg |
||
| 942 |
_2ddc _cBK |
||